000 00413cam a2200145ua 4500
003 OSt
008 230320b |||||||| |||| 00| 0 eng d
041 _aeng
082 _a028.7463
_bCEN/IN
245 _aInternational symposium new materials and technics in dam constructions
250 _a1 /
260 _aNew Delhi :
_bCentral Board of Irrigation and Power (CBIP) ,
_c1987.
300 _a167 ; .
942 _cBK
999 _c7057
_d7057